[Event "18th Aeroflot Open-A 2020"]
[Site "Moscow"]
[Date "2020.02.20"]
[Round "2.2"]
[White "Sargsyan, Shant"]
[Black "Maghsoodloo, Parham"]
[Result "1-0"]
[WhiteElo "2594"]
[BlackElo "2674"]
[Annotator "TA"]
[PlyCount "73"]
[EventDate "2020.02.19"]
[EventType "swiss"]
[EventCountry "RUS"]
[SourceTitle "playchess.com"]
[Source "ChessBase"]
[SourceQuality "1"]

{[%evp 9,73,25,46,25,25,31,35,27,45,37,37,33,28,35,32,27,32,23,31,20,79,70,87,74,81,70,62,74,78,60,59,72,71,84,71,66,69,71,70,50,54,48,54,39,109,109,111,114,122,129,191,191,191,186,184,184,328,335,335,318,566,553,679,626,840,819]} 1. Nf3 d5 2. d4 Nf6 3. c4 e6 4. Nc3 dxc4 5. e4 b5 6. e5 {D24: Queen's Gambit Accepted: 3 Nf3 Nf6 4 Nc3.} Nd5 7. Nxb5 Nb6 8. Be2 {White is slightly better.} Nc6 9. O-O Be7 10. Be3 O-O 11. Nc3 Rb8 {[#]} 12. b3 $5 $146 {[%mdl 8] New and interesting.} ({Predecessor:} 12. a3 Bb7 13. Qc2 Na5 14. Rad1 h6 15. Nd2 Qd7 16. f4 Nd5 17. Nxd5 Bxd5 18. Qc3 {½-½ (61) Mamedyarov,S (2801)-Caruana,F (2822) Saint Louis 2018}) 12... cxb3 13. axb3 Bb7 14. Qb1 Ra8 (14... Nb4 $11) 15. Qe4 $16 Qd7 16. Rfd1 Nd5 17. Bd3 {[%csl Gd3][%cal Re4h7]} f5 18. exf6 $1 Nxf6 19. Qh4 {aiming for Ne5.} Nb4 $1 20. Ne5 Qe8 21. Qh3 Nxd3 22. Qxe6+ Kh8 23. Rxd3 a5 24. Bg5 Bb4 25. Qxe8 Rfxe8 26. Rc1 Bxc3 (26... Ne4 $14 27. Nxe4 {[%mdl 64] Discovered Attack} Bxe4) 27. Rdxc3 Ne4 28. Rxc7 {Hoping for Nf7+.} Bd5 29. Be7 Bxb3 (29... Nd2 $16 {was called for.}) 30. f3 $18 Nf6 31. Bxf6 $1 gxf6 {[#]} 32. Nd7 $1 $36 {[%cal Rd7f6][%mdl 2048] White is really pushing.} Ra6 (32... Re6 $142 33. Rc8+ Rxc8 34. Rxc8+ Kg7) 33. Nc5 $1 {[%csl LRa6,LRb3]} Rb6 34. Rb1 Re3 $2 {[#]} (34... a4 {is a better defense.} 35. Nxa4 {[%mdl 64] Pin} Rbb8) 35. d5 $1 {[%mdl 512] White is clearly winning.} f5 (35... Bxd5 36. Rxb6) 36. Rxb3 Rexb3 37. Nxb3 {Accuracy: White = 100%, Black = 69%.} 1-0

[Event "18th Aeroflot Open-A 2020"]
[Site "Moscow"]
[Date "2020.02.20"]
[Round "2.3"]
[White "Cordova, Emilio"]
[Black "Sarana, Alexey"]
[Result "1/2-1/2"]
[WhiteElo "2593"]
[BlackElo "2656"]
[Annotator "TA"]
[PlyCount "55"]
[EventDate "2020.02.19"]
[EventType "swiss"]
[EventCountry "RUS"]
[SourceTitle "playchess.com"]
[Source "ChessBase"]
[SourceQuality "1"]

{[%evp 11,55,17,28,12,20,16,31,18,27,35,33,28,35,39,33,26,37,29,35,36,51,51,50,41,47,48,40,20,18,11,15,0,0,0,5,0,0,0,0,0,0,0,0,0,0,0]} 1. d4 Nf6 2. Nf3 g6 3. g3 Bg7 4. Bg2 d5 5. O-O c6 6. Nbd2 O-O 7. Re1 {D02: 1 d4 d5 2 Nf3 sidelines, including 2...Nf6 3 g3 and 2...Nf6 3 Bf4.} Bf5 8. c3 Qc8 9. Ng5 {White is slightly better.} Nbd7 10. e4 dxe4 11. Ngxe4 {[#]} Re8 $146 ({Predecessor:} 11... Nxe4 12. Nxe4 Re8 13. Bf4 Nf6 14. Nxf6+ Bxf6 {1-0 (40) Kravec,P (2180)-Sepesi,S (2189) Slovakia 2017}) 12. a4 Nxe4 13. Nxe4 Nf6 14. Nxf6+ Bxf6 15. a5 a6 16. Bf4 Be6 17. Be5 Bd5 18. Bxd5 cxd5 19. Bxf6 exf6 {The position is equal.} 20. Rxe8+ Qxe8 $14 {[%mdl 4096] Endgame KQR-KQR} 21. Qb3 Qd7 22. Re1 Kg7 23. Qb4 {[#] And now Re7 would win.} Re8 24. Rxe8 Qxe8 25. Qxb7 Qe1+ 26. Kg2 Qe4+ 27. Kg1 Qe1+ 28. Kg2 {Accuracy: White = 100%, Black = 100%.} 1/2-1/2

[Event "18th Aeroflot Open-A 2020"]
[Site "Moscow"]
[Date "2020.02.20"]
[Round "2.4"]
[White "Adhiban, B.."]
[Black "Sindarov, Javokhir"]
[Result "1/2-1/2"]
[WhiteElo "2654"]
[BlackElo "2537"]
[Annotator "TA"]
[PlyCount "40"]
[EventDate "2020.02.19"]
[EventType "swiss"]
[EventCountry "RUS"]
[SourceTitle "playchess.com"]
[Source "ChessBase"]
[SourceQuality "1"]

{[%evp 9,40,43,74,26,29,35,38,44,55,36,77,30,20,4,0,-49,-47,-49,-50,-46,-41,-44,-35,-45,-28,-52,-57,-116,-111,-110,-45,-53,-14]} 1. Nf3 Nf6 2. c4 g6 3. d4 c5 4. Nc3 Bg7 5. e4 d6 6. dxc5 {E90: King's Indian: Classical: Early deviations and 6 h3.} dxc5 7. Qxd8+ Kxd8 8. Bf4 {[#] White is slightly better.} Ke8 $146 ({Predecessor:} 8... Na6 9. Be2 Bg4 10. h3 Bxf3 11. Bxf3 Nd7 {½-½ (11) Pecorelli Garcia,H (2405)-Obregon Rivero,J (2309) Santiago de Cuba 2009}) 9. O-O-O Bg4 10. Nd5 {White threatens Nc7+ and mate.} Na6 11. Be5 Rg8 12. Re1 Bxf3 13. gxf3 Nh5 14. Bg3 e6 15. Nc3 Ke7 16. e5 Nb4 17. Bh4+ Kf8 18. Ne4 {[#]} (18. Bg3 $15) 18... b6 $1 $17 19. Kb1 Bxe5 {[#]} ({Black should try} 19... Nc6 $17 20. Bf6 h6) 20. Nxc5 $1 $15 {[%mdl 512] And now Nd7+ would win.} Bc7 {Accuracy: White = 68%, Black = 75%.} (20... bxc5 21. Rxe5) 1/2-1/2

[Event "18th Aeroflot Open-A 2020"]
[Site "Moscow"]
[Date "2020.02.20"]
[Round "2.5"]
[White "Wagner, Dennis"]
[Black "Kovalev, Vladislav"]
[Result "1/2-1/2"]
[WhiteElo "2590"]
[BlackElo "2650"]
[Annotator "TA"]
[PlyCount "30"]
[EventDate "2020.02.19"]
[EventType "swiss"]
[EventCountry "RUS"]
[SourceTitle "playchess.com"]
[Source "ChessBase"]
[SourceQuality "1"]

{[%evp 20,30,47,35,70,48,85,62,93,71,115,121,149]} 1. d4 Nf6 2. Nf3 g6 3. c4 Bg7 4. Nc3 O-O 5. e4 d6 6. Be2 e5 7. O-O Nc6 8. d5 Ne7 9. b4 a5 10. bxa5 Rxa5 11. a4 c5 {E97: King's Indian: Classical Main Line (6...e5 7 0-0 Nc6): 8 Be3 and 8 d5 Ne7, not 9 Ne1.} 12. Bd2 $1 {[%mdl 4] is recently more successful than 12.Ra3. Played by Radoslaw Wojtaszek in October 2019.} h6 13. Bd3 {[#]} Ne8 $146 ({Predecessor:} 13... Ra6 14. Rb1 Nd7 {½-½ (14) Galvez Ponziano,R (2242)-Maliszewski,G (2250) GER email 2017}) 14. Ra3 f5 {[#]} 15. exf5 $1 Nxf5 {White took control after the opening.} 1/2-1/2

[Event "18th Aeroflot Open-A 2020"]
[Site "Moscow"]
[Date "2020.02.20"]
[Round "2.6"]
[White "Sanal, Vahap"]
[Black "Mamedov, Rauf"]
[Result "0-1"]
[WhiteElo "2569"]
[BlackElo "2643"]
[Annotator "TA"]
[PlyCount "88"]
[EventDate "2020.02.19"]
[EventType "swiss"]
[EventCountry "RUS"]
[SourceTitle "playchess.com"]
[Source "ChessBase"]
[SourceQuality "1"]

{[%evp 19,88,14,22,14,29,37,22,10,15,8,2,0,12,0,62,62,35,-64,-72,-72,-67,-69,-17,-33,0,0,0,0,0,0,0,0,0,0,0,-279,-287,-270,-258,-259,-259,-281,-261,-262,-260,-443,-425,-424,-412,-412,-401,-316,-193,-185,-113,-252,-252,-356,-277,-337,-320,-604,-603,-590,-564,-1541,-2734,-6075,-5585,-6095,-6095]} 1. Nf3 Nf6 2. g3 g6 3. b3 Bg7 4. Bb2 b6 5. Bg2 Bb7 6. c4 c5 7. O-O O-O 8. Nc3 d6 9. d4 cxd4 10. Qxd4 {is now more promising than 10.Nxd4. Played by Vitiugov in December 2019.} Nbd7 11. Qd2 {A30: Symmetrical English: Double Fianchetto and Hedgehog.} Nc5 12. Rfd1 Rc8 {[#]} 13. Qe1 $146 {The position is equal.} ({Predecessor:} 13. Rac1 Nfe4 14. Nxe4 Nxe4 15. Qc2 Nf6 16. Qd3 Qc7 17. Ne1 Rfd8 18. e4 Nd7 19. Bxg7 Kxg7 {1-0 (72) Kurajica,B (2516)-Camacho Collados,J (2379) Linares 2016}) 13... Re8 14. Rac1 a6 15. Ba1 e5 16. Nh4 e4 (16... Nce4 $11) 17. Bh3 $1 $14 {[%cal Rh3c8]} e3 18. Bxc8 (18. f3 $14) 18... exf2+ $1 $15 19. Qxf2 Qxc8 20. Nd5 (20. Rxd6 $2 Ng4 $19) 20... Bxd5 (20... Ng4 $1 $15 21. Qf3 Bxa1 22. Rxa1 Ne4) 21. Bxf6 $11 Ne4 22. Qxb6 Bxf6 23. cxd5 {[%mdl 64] Discovered Attack} Nc3 24. Kh1 (24. Qxd6 $2 Bxh4 25. Qc6 Nxe2+ 26. Kg2 Nxc1 $19) 24... Rxe2 25. Re1 {Rxe2 is the strong threat.} (25. Qxd6 {leads to mate.} Qh3 $1 {[%mdl 512]} 26. g4 Bxh4 27. Qb8+ Kg7 $1 {[%mdl 512]} 28. Qe5+ Rxe5 29. Rxc3 Qxc3 30. Kg1 Qe3+ 31. Kh1 Qf3+ $1 {[%mdl 512]} 32. Kg1 Bf2+ 33. Kf1 Bd4#) 25... Qg4 {( -> ...Qe4+)} 26. Rxe2 Nxe2 $40 {[%mdl 128] Black mounts an attack.} 27. Rc4 $2 {[%mdl 8192]} (27. Rf1 $1 $11 {and White stays safe.} Qh3 28. Rxf6 Nxg3+ 29. Kg1 Ne2+ 30. Kh1 Ng3+ 31. Kg1 Ne2+ 32. Kh1 Ng3+) 27... Bd4 $1 $19 28. Rxd4 Nxd4 29. Qxd6 Qe4+ 30. Kg1 Qe3+ 31. Kf1 {[#]} g5 $1 {[%cal Rg5h4]} 32. Qh6 $2 (32. Qxa6 {was the only chance.} Kg7 33. Qc4 gxh4 34. gxh4) 32... Qe2+ 33. Kg1 Qe1+ 34. Kg2 Qe4+ ({Don't do} 34... gxh4 35. Qg5+ Kf8 36. Qd8+ Qe8 37. Qxe8+ Kxe8 38. gxh4 $19) 35. Kf2 Qxd5 36. Qh5 {[#]} Qa5 ({Black should play} 36... h6 $1 $19 {And now ...Qc5 would win.} 37. Nf3 Qf5) 37. Ng2 {This move loses the game for White.} (37. Qd1 $17 {was worth a try.}) 37... Qxa2+ 38. Ke3 (38. Kf1 $142 Qd2 39. Ne1) 38... Ne6 ({Stronger than} 38... Nxb3 39. Qxg5+ Kh8 40. Qf6+ Kg8 41. Qg5+ Kh8 42. Qf6+ Kg8 43. Qg5+ $11) (38... Qxb3+ 39. Kxd4 Qb2+ 40. Ke3 $11) 39. Qe2 Qxb3+ 40. Kf2 $2 (40. Kd2) 40... a5 {[%cal Ba6a5,Ba5a4,Ba4a3][%mdl 32] Black is clearly winning.} 41. Ne3 a4 42. Nf5 a3 43. Qe4 Qb2+ 44. Kf3 h5 {Accuracy: White = 49%, Black = 75%.} 0-1

[Event "18th Aeroflot Open-A 2020"]
[Site "Moscow"]
[Date "2020.02.20"]
[Round "2.7"]
[White "Sethuraman, S.P."]
[Black "Sengupta, Deep"]
[Result "1-0"]
[WhiteElo "2641"]
[BlackElo "2534"]
[Annotator "TA"]
[PlyCount "103"]
[EventDate "2020.02.19"]
[EventType "swiss"]
[EventCountry "RUS"]
[SourceTitle "playchess.com"]
[Source "ChessBase"]
[SourceQuality "1"]

{[%evp 18,103,22,25,33,27,25,27,27,25,27,18,29,26,27,29,24,14,62,66,58,12,45,43,47,50,62,62,89,62,84,102,100,78,101,95,96,66,68,51,146,110,128,110,113,104,108,104,111,100,120,100,147,100,139,139,146,133,142,145,137,139,139,120,241,198,202,181,239,237,244,247,262,286,254,267,337,383,362,341,690,686,664,654,627,606,779,764]} 1. e4 e6 2. d4 d5 3. Nc3 dxe4 4. Nxe4 Bd7 5. Nf3 Bc6 6. Bd3 Nd7 7. O-O Ngf6 8. Ng3 Be7 9. Re1 {9.Qe2 is vanishing.} O-O 10. c3 b6 {C10: French with 3 Nc3: Unusual Black 3rd moves and 3...dxe4.} 11. Qe2 Bxf3 12. Qxf3 c5 {White has an edge.} 13. dxc5 Nxc5 14. Bc2 Qd5 {[#]} 15. Qe2 $146 ({Predecessor:} 15. Qxd5 Nxd5 16. Bd2 Rfd8 17. c4 Nf6 18. Bc3 Rd7 19. Rad1 Rad8 20. Rxd7 Rxd7 21. a3 {1-0 (40) Hagarova,Z-Bracjunova,V Slovakia 1993}) 15... Rfd8 16. Be3 Rac8 17. Bd4 a5 18. Rad1 {aiming for Bxf6.} Qc6 19. Rd2 Ncd7 {[%cal Bc5d7,Bd7f8,Bf8g6,Bg6f4][%mdl 32]} 20. Red1 Nf8 21. Nf5 exf5 22. Qxe7 Ng6 23. Qa7 $36 {[%mdl 2048] White fights for an advantage.} Nf4 {[%csl Gf4][%cal Rc6g2]} 24. f3 N6d5 25. Qa6 Ra8 26. Qf1 g6 27. Bb3 a4 $1 {[%cal Ra4b3]} 28. Bc4 {Black must now prevent Be5.} a3 (28... Nc7 $14) 29. b3 {Be5 is the strong threat.} Nc7 30. Qe1 {And now Qe5 would win.} Nfe6 31. Bf6 Rxd2 32. Qxd2 b5 33. Bf1 Ne8 34. Be7 Qc7 35. Bh4 Rc8 {[#]} 36. c4 $1 bxc4 37. Bxc4 f4 38. Qd7 N8g7 39. Qxc7 Rxc7 40. g4 g5 {This costs Black the game.} (40... fxg3 $16 {was called for.} 41. Bxg3 Rc8) 41. Be1 h5 42. h3 hxg4 (42... Ne8 $142 43. gxh5 Nf6) 43. hxg4 $18 Ne8 44. Kf2 Nf6 45. Bc3 Nd7 46. Rh1 {[%csl Gc3][%cal Rh1h8]} Ng7 47. Rh6 {Hoping for Rg6.} Nc5 48. Be5 Rc8 $2 (48... Rb7 49. Bd4 Nce6) 49. Bd4 {White is clearly winning.} Nce6 50. Bxe6 {[%mdl 64] Overworked Piece} fxe6 {[#]} 51. Rg6 $1 {[%csl LRg5,LRg7][%mdl 64] Double Attack} Rc7 52. Rxg5 {Accuracy: White = 89%, Black = 63%.} 1-0

[Event "18th Aeroflot Open-A 2020"]
[Site "Moscow"]
[Date "2020.02.20"]
[Round "2.8"]
[White "Durarbayli, Vasif"]
[Black "Nesterov, Arseniy"]
[Result "1/2-1/2"]
[WhiteElo "2625"]
[BlackElo "2501"]
[Annotator "TA"]
[PlyCount "91"]
[EventDate "2020.02.19"]
[EventType "swiss"]
[EventCountry "RUS"]
[SourceTitle "playchess.com"]
[Source "ChessBase"]
[SourceQuality "1"]

{[%evp 16,91,24,0,23,2,10,-9,0,0,0,0,0,0,0,-18,0,-43,12,0,0,-8,0,0,0,0,0,0,0,-23,-19,-41,-44,-39,-42,-39,-51,-45,-29,-82,-115,-113,-85,-148,-127,-109,-109,-100,-93,-136,-31,-93,-8,-8,-8,-8,-8,0,8,-51,-60,-54,-48,-170,-7,-7,-28,0,0,-8,-8,-8,-8,-8,0,0,0,-29979]} 1. e4 e5 2. Nf3 Nc6 3. Bb5 Nf6 4. O-O Nxe4 5. d4 Nd6 6. Bxc6 dxc6 7. dxe5 Nf5 8. Qxd8+ Kxd8 9. h3 {seems to push 9.Nc3 aside.} Be7 {C67: Ruy Lopez: Berlin Defence: 4 0-0 Nxe4.} 10. Rd1+ Ke8 11. Bg5 Bxg5 12. Nxg5 h6 13. Nf3 Be6 14. Nc3 Rd8 15. Kh2 {[#]} Ne7 $146 ({Predecessor:} 15... c5 16. g4 Ne7 17. Ne1 Ng6 18. Rxd8+ Kxd8 19. Nd3 h5 20. Kg3 c4 21. Nc5 h4+ {½-½ (35) Mirkowski,P (2383)-Potrata,J (2267) ICCF email 2017}) 16. g4 Nd5 (16... Ng6 $15) 17. Ne2 c5 18. Kg3 Ke7 19. a3 Nb6 20. Nc3 Rxd1 21. Rxd1 Nc4 22. a4 Rd8 23. Rxd8 Kxd8 $11 {[%mdl 4096] Endgame KBN-KNN} 24. b3 Na3 25. Ne1 a5 26. f4 g6 $1 27. Ne4 (27. Kf3 $1 $11) 27... c4 $17 28. Nd2 c5 29. h4 ({Better is} 29. bxc4 Nxc4 30. Ne4) 29... cxb3 30. cxb3 c4 31. bxc4 Nxc4 32. Ne4 Nb2 (32... Bd7 $1 $17 33. Nc5 Bc6) 33. Nd6 $15 {[#]} Bd5 ({Black should play} 33... Kc7 $1 $17 34. f5 gxf5 35. gxf5 Bb3) 34. Nc2 $11 Ke7 35. Ne3 Bc6 36. h5 Nxa4 {Hoping for ...Nc5.} 37. hxg6 (37. g5 $11 hxg5 38. h6) 37... fxg6 $15 38. Nec4 Nc3 39. f5 {[#]} (39. g5 $15 h5 40. Kh4) 39... Ne4+ $2 (39... a4 $1 $19 40. fxg6 Kf8) 40. Kf4 $132 {[%mdl 2048] White is fighting back} g5+ 41. Ke3 Nxd6 {The position is equal.} 42. exd6+ Kd7 43. Kd4 $1 {[%cal Rd4e5] Black must now prevent Ke5.} Bb5 {Strongly threatening ...Bxc4.} 44. Nxa5 Kxd6 {...b6 is the strong threat.} 45. Nxb7+ Ke7 46. Ke4 $2 {[%mdl 40960] Accuracy: White = 72%, Black = 78%. . An unexpected result.} (46. Ke5 $11) 1/2-1/2

[Event "18th Aeroflot Open-A 2020"]
[Site "Moscow"]
[Date "2020.02.20"]
[Round "2.9"]
[White "Visakh N R"]
[Black "Zvjaginsev, Vadim"]
[Result "1/2-1/2"]
[WhiteElo "2518"]
[BlackElo "2623"]
[Annotator "TA"]
[PlyCount "56"]
[EventDate "2020.02.19"]
[EventType "swiss"]
[EventCountry "RUS"]
[SourceTitle "playchess.com"]
[Source "ChessBase"]
[SourceQuality "1"]

{[%evp 16,56,30,15,24,20,39,27,25,20,4,28,20,18,26,25,16,0,0,0,0,0,6,0,0,0,0,0,0,0,1,-3,-3,-16,-16,-14,-10,-9,0,0,0,0,8]} 1. d4 d5 2. c4 e6 3. Nc3 Nf6 4. cxd5 exd5 5. Bg5 c6 6. e3 Be7 7. Bd3 O-O 8. Qc2 h6 9. Bf4 c5 {D36: Queen's Gambit Declined: Exchange Variation: Main line (5 Bg5 c6 6 Qc2).} 10. dxc5 Nc6 {[#]} 11. Nge2 $146 ({Predecessor:} 11. a3 d4 12. Nb5 Nd5 13. Bg3 dxe3 14. O-O-O Kh8 15. Bc4 Be6 16. Nc7 Bg5 17. f4 Qxc7 18. fxg5 {1-0 (30) Wallinger,M (2141)-Boca,H (2105) Bayern 2002}) 11... d4 {White has an edge.} 12. Nxd4 Nxd4 13. exd4 Qxd4 {[%mdl 64] [#] Double Attack} 14. Be3 Qe5 $1 15. Ne2 Rd8 16. O-O {The position is equal.} Ng4 {[%csl Gg4][%cal Re5h2]} 17. Bf4 Qxc5 18. h3 Nf6 19. Qxc5 Bxc5 20. Rfd1 Be6 21. Be5 Rd7 22. Nf4 Rad8 {Hoping for ...Ne4!} 23. Bxf6 (23. Rdc1 {is more complex.} Bd4 24. Nxe6 fxe6 25. Bxd4 Rxd4 26. Bc4) 23... gxf6 24. Nxe6 fxe6 25. Be2 Rd2 26. Kf1 Kf8 27. Ke1 Rxd1+ 28. Rxd1 Rxd1+ {Not much happened in this game. Accuracy: White = 100%, Black = 100%.} 1/2-1/2

[Event "18th Aeroflot Open-A 2020"]
[Site "Moscow"]
[Date "2020.02.20"]
[Round "2.10"]
[White "Badelka, Olga"]
[Black "Zhou, Jianchao"]
[Result "0-1"]
[WhiteElo "2404"]
[BlackElo "2622"]
[Annotator "TA"]
[PlyCount "62"]
[EventDate "2020.02.19"]
[EventType "swiss"]
[EventCountry "RUS"]
[SourceTitle "playchess.com"]
[Source "ChessBase"]
[SourceQuality "1"]

{[%evp 10,62,10,0,0,0,0,0,0,-23,-10,-56,-17,-17,0,-10,-15,-20,0,-26,-31,-116,-75,-102,-106,-100,-94,-110,-94,-131,-141,-141,-127,-120,-120,-192,-166,-187,-170,-219,-204,-256,-253,-274,-230,-503,-503,-532,-550,-623,-627,-862,-895,-1040,-868]} 1. c4 e6 2. Nf3 d5 3. e3 Nf6 4. b3 Be7 5. Bb2 O-O 6. Be2 dxc4 {A13: English Opening: 1...e6.} 7. bxc4 c5 8. Nc3 b6 {The position is equal.} 9. Rg1 Bb7 10. Qb1 {[#]} Nbd7 $146 (10... Nc6 {looks sharper.} 11. g4 Ne8 12. h4 Qd7 13. Ne4 f6) ({Predecessor:} 10... Ne8 11. g4 Nd6 12. Rg3 Nd7 13. Qc2 a6 14. g5 Rb8 15. Bd3 g6 16. Ne4 Bxe4 17. Bxe4 {½-½ (68) Malakhov,V (2689)-Zhou,J (2616) China 2018}) 11. g4 Ne8 12. d3 Nd6 13. Qc2 a6 14. Rd1 b5 $36 {[%mdl 2048] Black has some pressure.} 15. e4 {White is now going downhill.} ({White should try} 15. Ne4 $15) 15... Qa5 16. e5 Nc8 17. Kf1 Na7 18. a3 Rad8 19. Ne4 {[#]} Bxe4 $1 20. dxe4 Nc6 21. Kg2 b4 22. Ra1 (22. Qb3 $17 {is a better defense.}) 22... Qb6 23. Qc1 a5 24. g5 Nd4 25. Nxd4 cxd4 26. axb4 Bxb4 27. f4 $2 (27. Qf4) 27... Nc5 $19 {[%cal Bd7c5,Bc5b3,Bb3d2][%mdl 32] Black is clearly winning.} 28. Qb1 {If White can now play Bd3 this consolidates a bit.} d3 29. Bf3 Nb3 30. Ra4 Nd2 31. Qc1 {[#]} Qe3 $1 {[%mdl 576] Double Attack. Accuracy: White = 42%, Black = 91%.} 0-1

[Event "18th Aeroflot Open-A 2020"]
[Site "Moscow"]
[Date "2020.02.20"]
[Round "2.11"]
[White "Yilmaz, Mustafa"]
[Black "Suleymanli, Aydin"]
[Result "1/2-1/2"]
[WhiteElo "2607"]
[BlackElo "2474"]
[Annotator "TA"]
[PlyCount "57"]
[EventDate "2020.02.19"]
[EventType "swiss"]
[EventCountry "RUS"]
[SourceTitle "playchess.com"]
[Source "ChessBase"]
[SourceQuality "1"]

{[%evp 13,57,11,12,9,29,16,12,15,2,11,8,16,18,18,18,20,15,22,13,9,18,12,13,6,6,7,7,4,8,10,14,14,13,0,0,0,9,0,4,4,3,0,0,0,0,0]} 1. d4 d5 2. c4 e6 3. Nf3 Be7 4. Nc3 Nf6 5. Bf4 O-O 6. e3 b6 7. cxd5 Nxd5 8. Nxd5 {D37: Queen's Gambit Declined: 5 Bf4.} Qxd5 9. Be2 $1 {[%mdl 4] now scores much better than the old 9.Bd3. Played by Caruana in August 2019.} Qa5+ {The position is equal.} 10. Nd2 $1 Ba6 11. O-O c5 12. Nc4 Bxc4 $1 13. Bxc4 {Threatening d5.} cxd4 14. exd4 {Black should prevent d5.} Nc6 15. d5 exd5 16. Qxd5 Qxd5 17. Bxd5 Rac8 {[#]} 18. Rac1 $146 ({Predecessor:} 18. Rfd1 Bf6 19. Rab1 Nd4 20. Kf1 Rfe8 21. g3 Rc5 22. Bg2 Ne6 23. Be3 Rc2 24. Rd7 {½-½ (42) So,W (2776)-Karjakin,S (2750) Saint Louis 2019}) 18... Nd4 {[#] Strongly threatening ...Ne2+.} 19. Bc4 Bf6 20. b3 Rfd8 21. Ba6 Rc2 22. Rxc2 Nxc2 23. Bc4 Nb4 24. a4 Nc6 25. Rb1 g6 26. Kf1 Kg7 27. Be3 Nd4 28. Rc1 Nf5 29. Ke2 {Not much happened in this game. Accuracy: White = 100%, Black = 100%.} 1/2-1/2

[Event "18th Aeroflot Open-A 2020"]
[Site "Moscow"]
[Date "2020.02.20"]
[Round "2.12"]
[White "Bharath Subramaniyam H"]
[Black "Karthikeyan, Murali"]
[Result "1/2-1/2"]
[WhiteElo "2402"]
[BlackElo "2602"]
[Annotator "TA"]
[PlyCount "115"]
[EventDate "2020.02.19"]
[EventType "swiss"]
[EventCountry "RUS"]
[SourceTitle "playchess.com"]
[Source "ChessBase"]
[SourceQuality "1"]

{[%evp 10,115,29,31,27,16,29,18,20,19,21,19,14,3,16,0,7,0,0,0,7,-14,-10,-7,0,8,45,53,47,29,68,68,67,68,69,65,85,2,12,0,0,0,18,2,35,0,0,0,0,0,0,0,0,-1,0,0,0,0,0,0,0,0,0,0,0,0,0,0,0,0,0,0,0,0,0,0,0,0,0,0,0,0,0,0,0,0,0,0,0,0,0,0,0,0,0,0,0,0,0,0,0,0,0,0,0,0,0,0]} 1. Nf3 Nf6 2. g3 c5 3. Bg2 Nc6 4. O-O g6 5. c4 Bg7 6. Nc3 h5 {[#] A38: Symmetrical English vs ...g6: 4 Bg2 Bg7 5 Nf3 Nf6.} 7. e3 $146 ({Predecessor:} 7. h4 d6 8. a3 Be6 9. d3 Qd7 10. Ng5 Bg4 11. Rb1 a5 12. f3 Be6 13. e4 O-O 14. Be3 {1-0 (54) Iturrizaga Bonelli,E (2636)-Gupta,A (2588) chess.com INT 2018}) 7... d6 8. d4 O-O 9. d5 Na5 $1 10. Qe2 a6 11. e4 Bg4 12. Bf4 Nd7 13. Rac1 Ne5 14. b3 Rb8 15. Qe3 Bxf3 16. Bxf3 b5 17. cxb5 {aiming for Bxe5.} axb5 18. Be2 Qd7 19. Bh6 b4 20. Bxg7 Kxg7 21. f4 Ng4 22. Bxg4 $1 hxg4 23. Ne2 (23. Nd1 $16) 23... f5 24. exf5 Rxf5 25. Rcd1 Rh8 26. Nc3 Rhh5 27. Ne4 (27. h3 $5 Rxh3 28. Ne4 $11) 27... Rxd5 {The position is equal.} 28. Ng5 $1 Rf5 {[#]} 29. a3 $1 {[%mdl 512]} Nc6 (29... bxa3 30. Qc3+) 30. axb4 cxb4 31. Qe2 Rhxg5 32. fxg5 Ne5 33. Rxf5 Qxf5 $11 {[%mdl 4096] Endgame KQR-KQN} 34. Qe3 Qc2 35. Rf1 Kg8 36. Rf2 Qd1+ 37. Kg2 Qd5+ 38. Kg1 Nf3+ {[%mdl 64] [#] Discovered Attack} 39. Rxf3 $1 gxf3 40. Qxe7 {KQ-KQ} Qd4+ 41. Kf1 Qd1+ 42. Kf2 Qc2+ 43. Kxf3 Qxb3+ 44. Qe3 Qf7+ 45. Ke2 b3 46. Kd2 Qb7 {And now ...b2 would win.} 47. Qe6+ Kh7 {Strongly threatening ...b2.} 48. Qh3+ Kg8 {Hoping for ...b2.} 49. Kc1 Qc6+ 50. Kb2 {Qe6+ is the strong threat.} Qc2+ 51. Ka3 Qa2+ 52. Kb4 {Threatens to win with Qe6+.} b2 53. Qc8+ Kh7 54. Qc7+ Kh8 55. Qc3+ Kg8 (55... Kh7 $5 56. Qc7+ $8 {[%mdl 64] Double Attack} Kh8 57. Qc3+ Kh7 58. Qc7+ $11 {[%mdl 64] Double Attack}) 56. Qc8+ Kg7 57. Qc7+ Kh8 58. Qc3+ {Accuracy: White = 92%, Black = 93%.} 1/2-1/2